000 01204nam a2200229Ia 4500
001 L200-54034
003 IT-CnALBA
008 170116s9999||||xx |||||||||||||| ||und||
040 _aIT-CnALBA
_cIT-CnALBA
041 _aITALIANO
100 _aTHEVENOT XAVIER
245 0 _aIL PECCATO. CHE COSA POSSIAMO DIRNE?
250 _a1a ed.
260 _aTORINO
_bELLE DI CI - LEUMANN
_c1985 [1° Ed.:1985 - Ed.Ling.Originale: 1985]
300 _a92 p.
500 _aTRADUZIONE DAL FRANCESE. TEOLOGIA DEL PECCATO OGGI. OSSERVAZIONI. EVOLUZIONE DEL SENSO DEL PECCATO E CAUSE. IMPATTO DELLE SCIENZE UMANE. CAUSE DI ORDINE SOCIOLOGICO. DI ORDINE TELOGICO. IL PECCATO ORIGINALE. LETTURA CRISTIANA DEL PECCATO. RIFLESSIONI. NOZ
501 _aSocietà San Paolo EM - Piazza San Paolo, 14 - 12051 ALBA (CN) (non commercial uses only) ® Copyright 2017
520 _aTRADUZIONE DAL FRANCESE. TEOLOGIA DEL PECCATO OGGI. OSSERVAZIONI. EVOLUZIONE DEL SENSO DEL PECCATO E CAUSE. IMPATTO DELLE SCIENZE UMANE. CAUSE DI ORDINE SOCIOLOGICO. DI ORDINE TELOGICO. IL PECCATO ORIGINALE. LETTURA CRISTIANA DEL PECCATO. RIFLESSIONI. NOZ
650 _aRELIGIONE - RELIGIONE CRISTIANA
942 _cBK
957 _71
999 _a71524
_bNO
_g Copie: 1
_c312908
_d312908